000 01353nam a22002177a 4500
005 20260128172209.0
010 _aB-776311-327 20BACCHHN25 B-777948
020 _a9789390848270
_c350.00
035 _aB-776311-327
035 _aB-777948
037 _bकार्तिक प्रकाशन
082 _a
100 _aपाण्डे, करूणा
_987014
245 _aभारतीय संस्कृति की कहानियाँ/
_cकरूणा पाण्डे
260 _aपिलानी
_bकार्तिक प्रकाशन
_c2023
270 _bपिलानी (राज.)
_aबी-45, प्रथम मंजिल गणेश कॉलोनी
_e333031
_k01596- 245518
300 _a64पृ.
_c26 सेमी (सजिल्द)
_bसचित्र
942 _2ddc
_cCH
_mपाण्डेक
_h
999 _c209784
_d209784